| 000 | 00452nam a22001817a 4500 | ||
|---|---|---|---|
| 003 | MPLRDC | ||
| 005 | 20220104123331.0 | ||
| 008 | 210129b ||||| |||| 00| 0 eng d | ||
| 082 | _a448.886 DYC | ||
| 100 | _a邸元春、王能忠编著 | ||
| 245 |
_a电视接收天线 _c |
||
| 250 | _a一版一刷 | ||
| 260 |
_a _b人民邮电出版社 _c1982 |
||
| 300 | _b平 | ||
| 490 | _a无线电爱好者丛书 | ||
| 650 | _a | ||
| 942 |
_cBK _o448.886 DYC |
||
| 999 |
_c10534 _d10524 |
||